书目信息 |
| 题名: |
辽史
|
|
| 作者: | 脱脱 撰 | |
| 分册: | 三 卷四五至卷六二(志) | |
| 出版信息: | 北京 中华书局 1974.10 |
|
| 页数: | 685-947页页 | |
| 开本: | 21cm | |
| 丛书名: | ||
| 单 册: | ||
| 中图分类: | K246.1 | |
| 科图分类: | ||
| 主题词: | 中国--历史 | |
| 电子资源: | ||
| ISBN: | ||
| 000 | 00530nam0 2200193 45 | |
| 001 | 0312221749 | |
| 005 | 20060812104931.50 | |
| 010 | @dCNY4.80 | |
| 091 | @a11018.627 | |
| 100 | @a20031222d1974 km y0chiy0120 ea | |
| 101 | @achi | |
| 200 | 1 | @a辽史@ALiao Shi@h三@i卷四五至卷六二(志)@f(元)脱脱等撰@F(Yuan)Tuo Tuo Deng Zhuan |
| 210 | @a北京@c中华书局@d1974.10 | |
| 215 | @a685-947页页@c表格@d21cm | |
| 606 | 0 | @a中国@x历史 |
| 690 | @aK246.1@v4 | |
| 701 | 0 | @a脱脱@Atuo tuo@4撰 |
| 801 | @aCN@bTSTCL@c20060812 | |
| 905 | @dK246.1@e8:3 | |
| 辽史.三.卷四五至卷六二(志)/(元)脱脱等撰.-北京:中华书局,1974.10 |
| 685-947页页:表格;21cm |
| ISBN :CNY4.80 |
| ● |
| 相关链接 |
|
|
|
|
正题名:辽史
索取号:K246.1/8:3
 
预约/预借
| 序号 | 登录号 | 条形码 | 馆藏地/架位号 | 状态 | 备注 |
| 1 | 0052912 | 000643129 | 密集书库/ [索取号:K246.1/8:3] | 在馆 | |
| 2 | 0052913 | 202250599 | 密集书库/ [索取号:K246.1/8:3] | 在馆 | |
| 3 | 0103117 | 001709226 | 密集书库/ [索取号:K246.1/8:3] | 在馆 | |
| 4 | 0103118 | 000643094 | 第二样本阅览室/ [索取号:K246.1/8:3] | 在馆 | |
| 5 | 0455902 | 204559021 | 密集书库/ [索取号:K246.1/8:3] | 在馆 |